• 首页
  • 本馆介绍
  • 公告通知
  • 最新文献
  • 馆藏检索
  • 电子资源
  • 读者导购
  • 参考咨询
  • 我的图书馆
  • 登录
  • 详细信息显示
  • 放入我的书架
  • 预约/预借图书
  • 作者相关作品
  • 分类相关作品
  • 丛书相关作品
  • 出版社相关作品

书目信息

  • 表格格式
  • 工作单格式
  • 卡片格式
题名:
用辩证的眼光看市场经济
    
 
作者: 董辅礽 著
分册:  
出版信息: 北京   三联书店  2002
页数: 402页
开本: 21cm
丛书名: 经济学家手札
单 册:
中图分类: F123.9
科图分类:
主题词: 社会主义经济--市场经济--研究--中国 , CT--S065576--社会主义经济 , CT--S068156--市场经济
电子资源:
ISBN: 7-108-01698-2
000 00991nam0 2200289 45
001 012002034942
005 20031219104108.9
010    @a7-108-01698-2@dCNY22.00
100    @a20020412d2002 em y0chiy0110 ea
101 0  @achi
102    @aCN@b110000
105    @ay z 000yy
106    @ar
200 1  @a用辩证的眼光看市场经济@9yong bian zheng de yan guang kan shi chang jing ji@f董辅礽著@FDong Fu Reng Zhu
210    @a北京@c三联书店@d2002
215    @a402页@d21cm
225 2  @a经济学家手札
330    @a收集在本书的文章是关于市场和市场经济的问题,包括“对市场的看法要换换脑筋”、“谈谈人们对发展市场经济的一些疑虑”等。
461  0 @12001 @a经济学家手札
510 1  @aLook at Market Economy by Dialectical Sight@zeng
606 0  @a社会主义经济@x市场经济@x研究@y中国
606 0  @2CT@3S065576@a社会主义经济
606 0  @2CT@3S068156@a市场经济
690    @aF123.9@v4
701  0 @a董辅礽@9dong fu reng@4著
801    @aCN@bTSTC@c20030407
905    @b322284-288@dF123.9@e125@f5
    
    用辩证的眼光看市场经济/董辅礽著.-北京:三联书店,2002
    402页;21cm.-(经济学家手札)
    
    
    ISBN 7-108-01698-2:CNY22.00
    收集在本书的文章是关于市场和市场经济的问题,包括“对市场的看法要换换脑筋”、“谈谈人们对发展市场经济的一些疑虑”等。
●
相关链接 在E读中查询图书 在五车中查询图书 在当当中查询图书 在豆瓣中查询图书


正题名:用辩证的眼光看市场经济     索取号:F123.9/125         预约/预借

序号 登录号 条形码 馆藏地/架位号 状态 备注
1 0322284   203222841   第一借阅区/ [索取号:F123.9/125] 在馆    
2 0322285   203222850   第一借阅区/ [索取号:F123.9/125] 在馆    
3 0322286   203222869   第一借阅区/ [索取号:F123.9/125] 在馆    
4 0322287   203222878   第一借阅区/ [索取号:F123.9/125] 在馆    
5 0322288   203222887   第一样本阅览室/ [索取号:F123.9/125] 在馆    
唐山师范学院图书馆 欢迎您!
大连网信软件有限公司© 版权所有